LEADER 02090nam 22005173 450 001 9910154352803321 005 20241107093547.0 035 $a(CKB)3710000000911506 035 $a(MiAaPQ)EBC6108107 035 $a(Au-PeEL)EBL6108107 035 $a(OCoLC)1156042451 035 $a(ODN)ODN0002102185 035 $a(EXLCZ)993710000000911506 100 $a20210901d2015 uy 0 101 0 $aeng 135 $aurcnu|||||||| 181 $ctxt$2rdacontent 182 $cc$2rdamedia 183 $acr$2rdacarrier 200 10$aBut Enough about Me $eA Memoir 205 $a1st ed. 210 $d2015 210 1$aEast Rutherford :$cPenguin Publishing Group,$d2015. 210 4$d©2015. 215 $a1 online resource (336 pages) 311 08$a0-399-17354-4 311 08$a0-698-18819-5 327 $aAuthor's note -- Foreword / by Jon Voight -- Big Burt -- Mo Mustaine -- Buddy -- Teammates -- Watson Duncan III -- Rip Torn -- Spencer Tracy -- Bette Davis -- Jim Brown -- John Boorman and Jon Voight -- Helen Gurley Brown -- Lee Marvin -- Roy Rogers -- Dinah Shore -- Frank Sinatra -- Johnny Carson -- Destaphanado -- Clint Eastwood -- Hal Needham -- Smokey -- Sally Field -- John Bassett and Donald Trump -- Charles Nelson Reilly -- Loni and Quinton -- Ossie Davis -- Jack Horner -- Jocks -- Actors and movie stars -- Directors -- Students -- Burt. 330 2 $a"Scandalous, sentimental, frank, and sincere--the ultimate inside account of a television and film icon"--Provided by publisher. 606 $aNonfiction$2OverDrive 606 $aBiography & Autobiography$2OverDrive 606 $aPerforming Arts$2OverDrive 615 17$aNonfiction. 615 7$aBiography & Autobiography. 615 7$aPerforming Arts. 676 $a791.43028092 686 $aBIO005000$aBIO013000$aBIO026000$2bisacsh 700 $aReynolds$b Burt$01246397 701 $aWinokur$b Jon$01246398 801 0$bMiAaPQ 801 1$bMiAaPQ 801 2$bMiAaPQ 906 $aBOOK 912 $a9910154352803321 996 $aBut Enough about Me$92889972 997 $aUNINA LEADER 03375pam 2200613 a 450 001 9910496152803321 005 20230829011017.0 010 $a0-585-08232-4 035 $a(CKB)111004366701994 035 $a(MH)001848809-9 035 $a(SSID)ssj0000130753 035 $a(PQKBManifestationID)12035697 035 $a(PQKBTitleCode)TC0000130753 035 $a(PQKBWorkID)10085272 035 $a(PQKB)10463486 035 $a(EXLCZ)99111004366701994 100 $a19891006d1990 ub 0 101 0 $aeng 135 $aur||||||||||| 181 $ctxt 182 $cc 183 $acr 200 00$aCoronations$emedieval and early modern monarchic ritual /$fedited by János M. Bak$b[electronic resource] 210 0 $aBerkeley, Calif. $cUniversity of California Press$dc1990 215 $a1 online resource (viii, 257 p. )$cill. ; 300 $aPapers originally presented at a conference held February 1985 in Toronto. 311 $a0-520-06677-4 320 $aIncludes bibliographical references and indexes. 327 $aIntroduction : coronation studies : past, present, and future / J.M. Bak -- Hincmar of Reims on king-making : the evidence of the Annals of St. Bertin / J.L. Nelson -- Inaugural aspects of French royal ceremonials / R.E. Giesey -- A coronation program for the age of Saint Louis : the ordo of 1250 / J. Le Goff -- The manuscript of the ordo of 1250 and its illuminations / J.-C. Bonne -- Copies in context : the coronation of Charles V in his Grandes Chroniques de France / A.D. Hedeman -- The medieval entry ceremony at Paris / L.M. Bryant -- A note on Viking age inaugurations / E. Vestergaard -- Coronations and coronation ordines in medieval Scandinavia / E. Hoffmann -- Gesture in the coronation ceremonies of medieval Poland / A. Gieysztor -- The ordo for the coronation of Roger II of Sicily : an example of dating by internal evidence / R. Elze -- Papal coronations in Avignon / B. Schimmelpfennig. 327 $aThe origins and descent of the fourth recension of the English coronation / A. Hughes -- "The wonderful spectacle" : the civic progress of Elizabeth I and the troublesome coronation / R.C. McCoy -- "Continuity" versus "change" : historians and English coronations of the medieval and early modern periods / D. Sturdy. 517 $aCoronations 531 $aCORONATIONS: MEDIEVAL & EARLY MODERN MONARCHIC RITUAL 606 $aCoronations$zEurope$vCongresses 606 $aCoronations$xCongresses$zEurope 606 $aAnthropology$2HILCC 606 $aSocial Sciences$2HILCC 606 $aManners & Customs$2HILCC 607 $aEurope$xSocial life and customs$yTo 1500$vCongresses 607 $aEurope$xSocial life and customs$y16th century$vCongresses 615 0$aCoronations 615 0$aCoronations$xCongresses 615 7$aAnthropology 615 7$aSocial Sciences 615 7$aManners & Customs 676 $a394/.4 701 $aBak$b Ja?nos M$0426710 801 0$bDLC 801 1$bDLC 801 2$bHLS 906 $aBOOK 912 $a9910496152803321 996 $aCoronations$9728579 997 $aUNINA 999 $aThis Record contains information from the Harvard Library Bibliographic Dataset, which is provided by the Harvard Library under its Bibliographic Dataset Use Terms and includes data made available by, among others the Library of Congress